| 000 | 004510000a22001810004500 | ||
|---|---|---|---|
| 003 | MACL | ||
| 005 | 20160120160536.0 | ||
| 008 | 160120b xxu||||| |||| 00| 0 eng d | ||
| 040 |
_aMACL _cMACL |
||
| 041 | _aEnglish | ||
| 082 | _a001/SIN | ||
| 100 |
_aSilva, Jose _933727 |
||
| 245 |
_aThe Silva Method _bThink And Grow Fit |
||
| 260 |
_bMaster Mind Book _c1999 _aIndia |
||
| 350 | _a195 | ||
| 650 |
_aGeneralities _91354 |
||
| 942 |
_cBK _k001/Sil _2ddc |
||
| 999 |
_c32125 _d32125 |
||